Tribes of Israel Map Quiz - Statistics

General Stats
  • This quiz has been taken 8,638 times
    8,637 since last reset
  • The average score is 5 of 12
Answers on the Map
Answers color-coded by a green-red scale on the quiz's map according to % correct below.
 
Answer Stats
Answer % Correct
Judah
63%
Benjamin
50%
Manasses
44%
Asher
39%
Dan
39%
Simeon
39%
Reuben
36%
Gad
35%
Ephraim
34%
Naphtali
30%
Issachar
27%
Zebulun
26%
No matching quizzes found
Score Distribution
Percent of People with Each Score
Percentile by Number Answered
Your Score History
You have not taken this quiz since the last reset